00688nam a2200181 i 450000100060000000300090000600500170001500700030003200800410003524500490007626000800012530000360020560000430024165100640028485200210034899900170036995201200038656607ES-MaACL20230906163417.0t|031010s1934 fr ||||1| fre d00aDimitroff contre Goering b: 2e livre brun. aParis : bÉditions du Carrefour, c1934 (eSaint Amand : fR. Bussiére) a356 p. : bil. facs. ; c19 cm.14aDimitrov, Georgi (d1882-1949)9155289 4aBerlín-xHistoria-y1933 (Incendio del Reichstag)9161123 aES-MaACLjA-2564 c56607d56607 00104070aATENEOMbATENEOMcSPP1d2008-01-17eSCl0oA-2564p1059448r2023-02-23 00:00:00w2023-02-23yMONOGRAFIA